000 00681nam a22002777a 4500
001 BR9506218
003 BR-BrBNA
005 20230928094648.0
007 ta
008 230509b bl.||||| |||| 00| 0 por d
040 _aBR-BrBNA
_bpor
_cBiblioteca Nacional de Agricultura
041 _a(Por)
072 _aL73
_b5400
_b4150
090 _ 5400 BR9506218
110 1 _aMinisterio da Saude, Brasilia, DF (Brasil)
_97064
245 1 _aRaiva
260 3 _aBrasilia, DF (Brasil):
_c[nd].
300 _a20 p.
650 _aCao
650 _aRaiva
650 _aDoenca Animal
650 _aVirus
650 _aZoonose
909 _a202309
_bLucia
_c55
_dLucia Elande
942 _cBK
999 _c51944
_d51944